Countries and Clubs of FIFA World Cup 2022 Squads - Group D - Statistics

General Stats
  • This quiz has been taken 91 times
  • The average score is 12 of 23
Answer Stats
Answer % Correct
England
96%
Australia
95%
France
95%
Spain
90%
Germany
88%
Tunisia
82%
Real Madrid
72%
Barcelona
71%
Denmark
67%
Bayern Munich
63%
Olympique Marseille
53%
Egypt
42%
AS Monaco
41%
Scotland
36%
Brentford
35%
Melbourne City
27%
Sevilla
25%
Qatar
23%
Espérance de Tunis
18%
Hearts
13%
Central Coast Mariners
11%
Kuwait
11%
Club Africain
8%
No matching quizzes found
Score Distribution
Percent of People with Each Score
Percentile by Number Answered
Your Score History
You have not taken this quiz